Ako pracujú veľké reklamné agentúry

Práca veľkých reklamných agentúr. Medzinárodná agentúra J.W. Thompson je jednou z najväčších svetových reklamných agentúr vo V. Británii. Široký sortiment reklamných služieb, ktoré poskytuje vo svojich filiálkach po celej Európe, USA, Japonsku i v Austrálii. Využívanie služieb agentúr. Tvorba propag...

Ausführliche Beschreibung

Gespeichert in:
Bibliographische Detailangaben
Format: Buchkapitel
Sprache:Slowakisch
Schlagworte:
Tags: Tag hinzufügen
Keine Tags, Fügen Sie das erste Tag hinzu!

MARC

LEADER 00000naa a2200000 4500
001 r015746
005 20221213113139.8
041 0 |a slo 
044 |a SK 
245 1 0 |a Ako pracujú veľké reklamné agentúry 
520 |a Práca veľkých reklamných agentúr. Medzinárodná agentúra J.W. Thompson je jednou z najväčších svetových reklamných agentúr vo V. Británii. Široký sortiment reklamných služieb, ktoré poskytuje vo svojich filiálkach po celej Európe, USA, Japonsku i v Austrálii. Využívanie služieb agentúr. Tvorba propagačného programu, určovanie cieľového trhu a motívov kupujúcich. Päť hlavných rozhodnutí známych tiež ako 5 M (mission, money, message, media, measurement). Práca reklamných agentúr s médiami. 
610 2 0 |a reklama 
610 2 0 |a agentúry 
610 2 0 |a služby 
610 2 0 |a prostriedky masovokomunikačné 
610 2 0 |a propagácia